[Event "10th LCC FIDE Open 2018"]
[Site "London"]
[Date "2018.12.15"]
[Round "7"]
[White "Moussard, Jules"]
[Black "Arkell, Keith C"]
[Result "1-0"]
[WhiteElo "2591"]
[BlackElo "2453"]
[Annotator "TA"]
[PlyCount "71"]
[EventDate "2018.12.09"]
[EventType "swiss"]
[EventCountry "ENG"]
[SourceTitle "playchess.com"]
[Source "ChessBase"]
[SourceQuality "1"]

{[%evp 12,71,53,45,156,61,74,33,29,35,42,35,29,29,27,33,37,4,56,62,84,37,73,76,124,85,85,85,85,71,114,85,191,190,201,145,360,350,336,301,352,346,335,359,1357,1320,1387,854,870,1385,1291,1248,1291,1243,1455,1467,29993,2115,29996,29997,29997,29998]} 1. e4 c6 2. d4 {[%cal Bd2d4,Bd4c5][%mdl 32]} d5 {[%cal Bd7d5,Bd5d4][%mdl 32]} 3. e5 c5 4. dxc5 Nc6 5. f4 e6 6. Be3 {B12: Caro-Kann: Advance Variation} d4 7. Bf2 $1 {LiveBook: 18 Games} g5 $146 ({Black should try} 7... Bxc5 $14 8. Nd2 Nge7) ({Predecessor:} 7... Bxc5 8. Nd2 Nge7 9. a3 Nd5 10. Ne4 Qa5+ 11. b4 Ncxb4 12. axb4 Qxb4+ {1-0 (37) Dominguez Perez,L (2739)-Navara,D (2737) Saint Louis 2017}) 8. c3 (8. Qh5 $16) 8... Bxc5 $14 9. Nf3 (9. fxg5 {seems wilder.} h6 10. Nf3 dxc3 11. Qxd8+ Kxd8 12. Nxc3 Bxf2+ 13. Kxf2 hxg5 14. Rd1+) 9... dxc3 $1 10. Qxd8+ Kxd8 11. Nxc3 Bxf2+ 12. Kxf2 gxf4 13. Rd1+ Ke7 14. Bd3 {[%mdl 1024] White has compensation.} Nh6 (14... f6 $11) 15. h3 $1 Bd7 16. Be4 Raf8 17. Rhe1 Ng8 18. Na4 {[%cal Bc3a4,Ba4c5,Bc5d3,Bd3f4][%mdl 32]} Rb8 19. Nc5 Be8 20. a3 h5 21. Nd3 $36 {[%mdl 2048] Black is under strong pressure.} f6 (21... h4 $16) 22. Bxc6 $18 bxc6 23. b4 ({Don't do} 23. Nxf4 Rxb2+ 24. Kg1 Rh6 $16) 23... a5 $2 (23... Rd8 $16 {was necessary.} 24. Nxf4 Rxd1 25. Rxd1 fxe5 26. Nxe5 Rh6) 24. bxa5 Ra8 25. Nxf4 {Black must now prevent Rb1.} Rh6 26. Rb1 {Hoping for Rb7+.} fxe5 27. Rb7+ ({Much less strong is} 27. Rxe5 Rf6) 27... Kf6 $2 (27... Kd8) 28. Rxe5 h4 29. Rxe6+ Kf5 30. Re5+ Kf6 {[#]} 31. a6 $1 {[%cal Ba5a6,Ba6a7][%mdl 32]} Bf7 (31... Rxa6 32. Rxe8) 32. a7 Rh8 33. Rc7 Be8 34. Ke3 (34. Re6+ $142 Kf5 35. Ke3 Ne7 36. Rcxe7 Rd8 {[#]} 37. a8=Q $1 {[%mdl 512]} Rd5 38. Nxd5 Rf8 39. Qa4 cxd5 40. Qg4#) 34... Nh6 35. Re6+ Kf5 36. Nd4+ {[%mdl 64] Double Attack. Accuracy: White = 47%, Black = 33%.} 1-0

[Event "10th LCC FIDE Open 2018"]
[Site "London"]
[Date "2018.12.15"]
[Round "7"]
[White "Istratescu, Andrei"]
[Black "D`Costa, Lorin A R"]
[Result "1-0"]
[WhiteElo "2564"]
[BlackElo "2390"]
[Annotator "TA"]
[PlyCount "87"]
[EventDate "2018.12.09"]
[EventType "swiss"]
[EventCountry "ENG"]
[SourceTitle "playchess.com"]
[Source "ChessBase"]
[SourceQuality "1"]

{[%evp 17,87,8,8,-12,50,25,50,48,72,54,71,73,58,65,76,75,78,66,76,62,58,58,58,48,58,18,31,14,34,31,27,33,89,79,88,84,117,107,100,95,105,81,91,92,149,96,111,54,66,50,64,71,94,99,233,211,308,327,300,302,266,242,297,304,347,319,351,178,720,709,799,790]} 1. d4 Nf6 2. c4 e6 3. g3 Bb4+ 4. Bd2 c5 5. Bxb4 cxb4 6. Bg2 O-O 7. e4 {E00: Catalan Bogo-Indian (3 g3 Bb4+)} d6 8. Ne2 e5 9. O-O a5 {LiveBook: 10 Games} 10. Qd3 $146 ({Predecessor:} 10. a3 Na6 11. axb4 axb4 12. Nd2 Bg4 13. h3 Bxe2 14. Qxe2 {½-½ (53) Farid,F (2432)-Adhiban,B (2665) Tashkent 2016}) 10... b6 (10... Nc6 $11) 11. Rd1 {Strongly threatening dxe5.} Qc7 12. Nd2 {[%cal Bb1d2,Bd2f1,Bf1e3][%mdl 32]} Ba6 13. Rac1 Nc6 14. Nf1 Rad8 15. Ne3 Qb8 16. Qd2 Ne7 17. b3 Rfe8 18. Qb2 Bb7 19. f3 Bc8 20. Bf1 h5 21. Rc2 Be6 22. Nc1 h4 23. Nd3 {[%cal Rd4e5]} Ng6 24. Nd5 Nd7 {[#]} (24... Nh7 $14) 25. N5xb4 $1 $16 axb4 26. d5 b5 27. dxe6 Rxe6 28. Nxb4 bxc4 29. Rxc4 {Bh3 is the strong threat.} hxg3 30. hxg3 {[#] Hoping for Nc6.} Nc5 (30... Ne7 $142) 31. Qf2 (31. Nd5 $142) 31... Ne7 32. Nd5 (32. Bh3 $16) 32... Nxd5 $14 33. Rxd5 {Threatens to win with b4.} Rh6 34. b4 $36 {[%cal Bb3b4,Bb4b5][%mdl 2080] Black is under strong pressure.} Ne6 35. a4 {[%cal Ba2a4,Ba4a5,Ba5a6][%mdl 32]} Rf8 (35... Nd4 $16) 36. a5 $18 Qd8 (36... Ng5 {keeps fighting.}) 37. a6 Nd4 38. b5 Qa5 39. Kg2 Rb8 40. Rcxd4 exd4 41. Rxd4 ({Less strong is} 41. Qxd4 Rc8 $18) 41... Qa1 42. Rb4 (42. Rd5 $142) 42... Qa5 $2 (42... d5) 43. Rb2 d5 44. a7 {Accuracy: White = 54%, Black = 22%.} 1-0

[Event "10th LCC FIDE Open 2018"]
[Site "London"]
[Date "2018.12.15"]
[Round "7"]
[White "Hillarp Persson, Tiger"]
[Black "Mihajlov, Sebastian"]
[Result "1-0"]
[WhiteElo "2546"]
[BlackElo "2358"]
[Annotator "TA"]
[PlyCount "66"]
[EventDate "2018.12.09"]
[EventType "swiss"]
[EventCountry "ENG"]
[SourceTitle "playchess.com"]
[Source "ChessBase"]
[SourceQuality "1"]

{[%evp 17,66,5,20,28,28,25,26,21,31,37,56,39,59,41,46,47,65,54,54,51,52,39,57,42,52,72,83,83,86,91,93,72,109,120,167,180,222,218,212,215,251,253,369,328,602,282,977,949,921,922,29992]} 1. Nf3 Nf6 2. c4 c6 3. g3 g6 4. b3 Bg7 5. Bb2 O-O 6. Bg2 d5 7. O-O Bg4 8. d3 Bxf3 9. Bxf3 Nbd7 {LiveBook: 47 Games. A11: English Opening: 1...c6} (9... Re8 10. Nd2 a5 11. Rc1 Na6 12. a3 e6 13. Rc2 Nd7 14. Qa1 Bxb2 15. Qxb2 Qf6 16. Rfc1 Nc7 17. b4 Qxb2 18. Rxb2 axb4 19. axb4 {½-½ (79) Amin,B (2686)-Cordova,E (2609) Batumi 2018}) 10. e3 e6 11. Bg2 $146 ({Predecessor:} 11. Qe2 Ne8 12. Bxg7 Kxg7 13. Nc3 Nd6 14. Bg2 Re8 15. Rfd1 Qf6 16. Rac1 d4 17. Ne4 Nxe4 18. dxe4 {½-½ (38) Wegerle,J (2377)-Libeau,R (2348) Germany 2011}) 11... a5 {White has an edge.} 12. Nc3 Re8 13. Qe2 Qe7 14. Rfd1 h5 15. Rac1 dxc4 16. bxc4 e5 17. Rb1 Rab8 18. Qc2 Qe6 19. Ba3 b6 20. Qa4 Rbc8 21. h3 h4 22. g4 {[%cal Bg3g4,Bg4g5][%mdl 32]} Bf8 23. Bxf8 Kxf8 24. c5 bxc5 25. Rb7 Kg7 26. g5 ({Don't play} 26. Qxa5 Nd5 $16) 26... Nh7 27. Qxh4 Rb8 {[#]} 28. Rdb1 $1 Rxb7 29. Rxb7 Ndf8 (29... c4 $142 30. d4 (30. dxc4 Nc5 $18) 30... Rh8) 30. Ne4 Rd8 $2 (30... c4 31. Qh6+ (31. Nc5 Qf5 $18) 31... Kg8 32. dxc4 c5) 31. a4 (31. Qh6+ $142 Kg8 32. Bf3 (32. Nxc5 Qxa2 33. Bf3 Qa3 $16) 32... Qxa2 33. Bg4) 31... Rxd3 $2 (31... Kg8 32. Kh2 (32. Nxc5 Qf5 $18) 32... Qc8 33. Nxc5 Nd7) 32. Qh6+ $18 Kg8 33. Rb8 {[#] White threatens Nf6+! and mate.} Rd8 {Precision: White = 62%, Black = 43%.} 1-0

[Event "10th LCC FIDE Open 2018"]
[Site "London"]
[Date "2018.12.15"]
[Round "7"]
[White "Debashis, Das"]
[Black "Mirzoyan, Davit T."]
[Result "1-0"]
[WhiteElo "2544"]
[BlackElo "2382"]
[Annotator "TA"]
[PlyCount "65"]
[EventDate "2018.12.09"]
[EventType "swiss"]
[EventCountry "ENG"]
[SourceTitle "playchess.com"]
[Source "ChessBase"]
[SourceQuality "1"]

{[%evp 18,65,0,0,0,0,-10,-2,-6,-30,0,-23,-31,-27,-22,-36,0,-7,-4,0,27,43,142,136,127,109,146,143,116,127,165,148,189,178,161,158,175,190,298,304,303,299,298,302,735,741,729,715,691,670]} 1. d4 d5 2. c4 e6 3. Nc3 Be7 4. cxd5 exd5 5. Bf4 c6 6. e3 Bf5 7. g4 {[%cal Bg2g4,Bg4h5,Bh5h6][%mdl 32]} Be6 8. h3 Nd7 {D31: Queen's Gambit Declined: Semi-Slav without ...Nf6 (+ Marshall Gambit and Noteboom) and Exchange Variation lines without ...Nf6} 9. Bd3 h5 10. gxh5 {LiveBook: 16 Games} Ngf6 {The position is equal.} 11. h6 g6 $1 12. Qc2 Nh5 13. Nge2 Nf8 {[#]} 14. O-O-O $146 ({Predecessor:} 14. Be5 Rxh6 15. O-O-O Nd7 {1-0 (41) Baron,T (2548)-Boruchovsky,A (2542) Israel 2018}) 14... Nxf4 15. Nxf4 Rxh6 16. Kb1 Bd6 17. Nxe6 Nxe6 18. e4 dxe4 19. Bc4 Qe7 ({Black should try} 19... Nf4 $14) 20. d5 $1 $16 {[%cal Rd5e6]} Nc5 21. Rhe1 $1 Kf8 22. b4 $1 {[%cal Rb4c5]} ({Don't do} 22. Nxe4 Nxe4 23. dxc6 (23. Qxe4 Qxe4+ 24. Rxe4 c5 $15) (23. Rxe4 Qf6 $16) 23... Re8 $16) 22... Nd7 23. Rxe4 Ne5 24. Bb3 {Strongly threatening dxc6.} Qf6 {[#]} 25. f4 $1 {[%cal Rf4e5]} Rxh3 26. fxe5 Bxe5 {[#]} 27. Na4 $1 {[%cal Bc3a4,Ba4c5,Bc5d7][%mdl 32]} Kg7 (27... Rd8 $142 28. dxc6 Rxd1+ 29. Qxd1 bxc6) 28. dxc6 $18 bxc6 29. Nc5 Rh2 30. Re2 Rah8 $2 (30... Rd8 31. Rxd8 Qf1+ 32. Rd1 Qxe2) 31. Nd7 {White is clearly winning.} Qf3 32. Rxh2 ({Weaker is} 32. Nxe5 Qxe2 33. Qc3 Qe4+ 34. Ka1 R8h3 $16) (32. Rxe5 $2 Rxc2 33. Bxc2 Rh2 $17) 32... Bxh2 33. Qb2+ {Accuracy: White = 91%, Black = 48%.} 1-0

[Event "10th LCC FIDE Open 2018"]
[Site "London"]
[Date "2018.12.15"]
[Round "7"]
[White "Hector, Jonny"]
[Black "Merriman, John"]
[Result "1-0"]
[WhiteElo "2501"]
[BlackElo "2261"]
[Annotator "TA"]
[PlyCount "81"]
[EventDate "2018.12.09"]
[EventType "swiss"]
[EventCountry "ENG"]
[SourceTitle "playchess.com"]
[Source "ChessBase"]
[SourceQuality "1"]

{[%evp 29,81,54,57,33,53,41,65,48,85,83,91,89,122,110,113,44,31,19,37,0,0,-29,0,-92,-16,-20,-16,-75,0,-143,-141,-139,-149,-132,-136,-115,-56,-37,-28,-24,0,-114,-118,-130,-87,-72,-70,-54,464,463,659,636,1411,1399]} 1. e4 e6 2. d4 d5 3. e5 c5 4. c3 Nc6 5. Nf3 Qb6 6. Be2 Nh6 7. Bxh6 gxh6 8. Qd2 Bg7 9. O-O Bd7 10. Na3 cxd4 11. cxd4 O-O 12. Nc2 f6 13. exf6 Rxf6 14. b4 {C02: French: Advance Variation} Be8 (14... a6 15. a4 Be8 16. b5 axb5 17. axb5 Rxa1 18. Rxa1 {1-0 (41) Movsesian,S (2721)-Ponomariov,R (2744) Moscow 2010}) 15. b5 Ne7 {LiveBook: 3 Games} 16. Ne5 {White is slightly better.} h5 17. a4 $146 ({Predecessor:} 17. Rad1 Ng6 18. Kh1 Nxe5 19. dxe5 Rxf2 20. Rxf2 Qxf2 {½-½ (44) Berry,S (2298)-Clarke,S (2290) Birmingham 2001}) 17... Bh6 18. Qd1 Ng6 19. Bxh5 {Hoping for Ng4.} Nxe5 20. dxe5 Rf5 21. Bxe8 Rxe8 22. Ra3 (22. a5 $16 Qc7 23. a6) 22... Rxe5 $14 23. Rh3 Bg7 24. Qd3 Re4 25. Kh1 h6 26. Qg3 (26. Rxh6 $11 Bxh6 27. f3) 26... e5 (26... Rc8 $17 27. Qg6 Qc7) 27. Qb3 $11 Qe6 $1 28. Nb4 (28. Ne3 $11) 28... d4 ({Better is} 28... Rc4 $17) 29. Qc2 (29. Qd1 $11) 29... Rf4 $1 $17 30. Nd3 Rf7 $1 31. Rh4 e4 32. Nf4 Qd6 (32... d3 $17 33. Qd2 Qc4) 33. g3 $15 Rc7 34. Qb3+ Kh7 35. Rg4 (35. f3 $11 {keeps the balance.}) 35... d3 36. Rd1 Qe5 37. b6 {[#]} axb6 $1 38. Qxb6 Rc2 $2 {[%mdl 8192] [#]} (38... Bf6 $15 {keeps the upper hand.}) 39. Qg6+ $1 $18 {White is clearly winning.} ({Not} 39. Qxb7 Rxf2 40. Qf7 Re7 $15) 39... Kh8 (39... Kg8 $142 40. Nh5 Re6 41. Qxg7+ Qxg7 42. Rxg7+ Kf8 43. Rxb7 Rxf2) 40. Qf7 {White wants to mate with Ng6+.} Kh7 {[#]} 41. Rxg7+ $1 {[%mdl 512] Accuracy: White = 36%, Black = 23%.} 1-0

[Event "10th LCC FIDE Open 2018"]
[Site "London"]
[Date "2018.12.15"]
[Round "7"]
[White "Ghasi, Ameet K"]
[Black "Yuffa, Daniil"]
[Result "1/2-1/2"]
[WhiteElo "2498"]
[BlackElo "2572"]
[Annotator "TA"]
[PlyCount "99"]
[EventDate "2018.12.09"]
[EventType "swiss"]
[EventCountry "ENG"]
[SourceTitle "playchess.com"]
[Source "ChessBase"]
[SourceQuality "1"]

{[%evp 21,99,0,2,0,7,6,6,9,14,5,17,22,24,0,10,0,11,10,7,-5,0,0,0,-8,0,-6,-6,-22,-18,-20,-17,-17,-17,-12,-8,-10,0,0,0,0,0,0,0,0,0,0,0,0,-1,-8,0,0,0,-5,0,0,0,0,0,0,0,0,0,0,0,0,0,0,0,0,0,0,0,0,0,0,0,0,0,0]} 1. Nf3 c5 2. g3 g6 3. c3 Bg7 4. d4 b6 5. Bg2 Bb7 6. O-O Nf6 7. Qb3 cxd4 8. Ne5 d5 9. cxd4 O-O 10. Nc3 Nc6 {A49: 1 d4 Nf6 2 Nf3 g6 3 g3: Anti-King's Indian systems} 11. Nxc6 Bxc6 {LiveBook: 4 Games} 12. Bf4 Qd7 13. Be5 e6 14. Rfc1 $146 ({Predecessor:} 14. a4 Rfc8 15. a5 b5 16. Na2 Ne4 17. Bxg7 Kxg7 18. Rfd1 {½-½ (48) Hausrath,D (2499)-Bekker,S (2271) Belgium 2015}) 14... Rfc8 15. e3 Ne8 16. Bxg7 Kxg7 17. Qd1 Nd6 {The position is equal.} 18. Rc2 Rc7 19. Rac1 Rac8 20. Ne2 a5 21. Nf4 Bb5 22. Bf1 Bxf1 23. Kxf1 Qb5+ 24. Kg2 Rxc2 25. Rxc2 Rxc2 26. Qxc2 {Black should prevent Qc7.} Qc4 27. Qb1 Ne4 {next ...g5 is good for Black.} 28. f3 g5 29. b3 Qc3 30. Nxe6+ fxe6 31. fxe4 $11 {[%mdl 4096] Endgame KQ-KQ} Qd2+ 32. Kf3 Qxh2 {Strongly threatening ...dxe4+.} 33. exd5 Qh5+ 34. g4 Qh3+ 35. Kf2 Qh2+ 36. Kf3 Qh3+ 37. Kf2 Qxg4 38. dxe6 Qxe6 39. Qh1 Kg6 40. Qf3 g4 41. Qf4 Qf5 (41... h5 {keeps more tension.} 42. e4 h4 43. Kg2 b5 44. d5 Qc8) 42. Kg3 h5 43. Qxf5+ Kxf5 {KP-KP} 44. d5 Ke5 45. e4 $1 b5 {[%cal Bb6b5,Bb5b4][%mdl 32]} 46. a3 b4 47. a4 Kd6 48. Kf4 Kc5 49. Kg3 Kd6 50. Kf4 {Accuracy: White = 68%, Black = 43%.} 1/2-1/2

[Event "10th LCC FIDE Open 2018"]
[Site "London"]
[Date "2018.12.15"]
[Round "7"]
[White "Gormally, Daniel W"]
[Black "McDonald, Neil"]
[Result "1-0"]
[WhiteElo "2478"]
[BlackElo "2403"]
[Annotator "TA"]
[PlyCount "79"]
[EventDate "2018.12.09"]
[EventType "swiss"]
[EventCountry "ENG"]
[SourceTitle "playchess.com"]
[Source "ChessBase"]
[SourceQuality "1"]

{[%evp 23,79,14,31,-10,0,0,20,50,35,51,52,52,55,52,62,56,56,6,27,0,53,53,54,57,68,52,49,0,58,50,55,0,95,101,134,112,228,233,235,123,143,123,123,125,271,270,310,245,231,228,1211,597,1204,1160,29985,1025,29986,29987]} 1. d4 d5 2. c4 e6 3. Nf3 Nf6 4. g3 dxc4 5. Bg2 Bd7 6. Ne5 Bc6 7. Nxc6 Nxc6 8. O-O Qd7 {E04: Open Catalan: 5 Nf3} 9. e3 O-O-O (9... Rd8 10. Qe2 e5 11. Rd1 Be7 12. d5 Nb4 13. Qxc4 Nbxd5 14. Nc3 c6 15. e4 Qg4 16. h3 Nb6 17. Rxd8+ Bxd8 {½-½ (17) Paravyan,D (2629)-Grachev,B (2626) Sochi 2018}) 10. Qa4 Nd5 11. Qxc4 f5 12. Nc3 h5 {LiveBook: 6 Games} 13. Qe2 g5 14. Rd1 $146 ({Predecessor:} 14. e4 Nxd4 15. Qd1 Nb4 16. exf5 {1-0 (57) Husemann,A (1907)-Kouba,L (1789) LSS email 2011}) 14... g4 15. e4 fxe4 16. Nxe4 Bd6 17. Bg5 Rdf8 18. Rac1 Kb8 19. Bh4 Rf5 20. Ng5 Rh6 21. Ne4 a6 (21... Rh8 $1 $11) 22. a3 $14 Nce7 23. Re1 Nc6 24. Qd3 Bf8 25. Re2 Nb6 (25... e5 $11) 26. Rd2 Nd5 $1 27. Rdc2 (27. Bg5 $14) 27... Na7 (27... e5 $11) 28. b4 $16 Rh7 29. Re2 {aiming for Ng5.} Rh8 {[#]} (29... Qb5 $16 30. Qd1 Be7) 30. Ng5 $1 $18 {[%cal Rg5e6]} Bh6 31. Rxe6 (31. Nxe6 $18 Rf3 32. Bxf3 gxf3 33. Qxf3 (33. Nc5 Qb5 $18) 33... Bxc1 34. Nc5) 31... Bxg5 $16 32. Qxf5 {[%mdl 64] Double Attack} Bxc1 33. Bxd5 {Qe5 is the strong threat.} ({Reject} 33. Qxd5 $6 Qxd5 34. Bxd5 Bxa3 $11) 33... Nb5 (33... Nc8 $16) 34. Qe5 $18 Rf8 35. Be7 ({Less strong is} 35. Qxh5 Nxd4 36. Re7 Qd6 $14) 35... Re8 36. Bc5 Rd8 $2 {[#]} (36... Rxe6 37. Bxe6 Qd8) 37. a4 (37. Re7 $142 Qxe7 38. Bxe7) 37... Nc3 38. Re7 Qxd5 39. Qxc7+ Ka8 40. Qb6 {Accuracy: White = 65%, Black = 35%.} 1-0

[Event "10th LCC FIDE Open 2018"]
[Site "London"]
[Date "2018.12.15"]
[Round "7"]
[White "Gumularz, Szymon"]
[Black "Pert, Nicholas"]
[Result "1/2-1/2"]
[WhiteElo "2462"]
[BlackElo "2546"]
[Annotator "TA"]
[PlyCount "127"]
[EventDate "2018.12.09"]
[EventType "swiss"]
[EventCountry "ENG"]
[SourceTitle "playchess.com"]
[Source "ChessBase"]
[SourceQuality "1"]

{[%evp 9,127,0,22,0,0,0,0,-3,2,-41,-41,-49,-43,-48,-35,-42,-47,-77,-77,-94,-54,-103,-57,-63,-43,-52,-58,-56,-16,-17,0,-59,-41,-53,-18,-21,0,-60,-42,-140,-143,-135,-140,-136,-85,-89,-79,-80,-75,-87,-79,-92,-72,-72,-55,-60,-56,-62,-69,-68,-35,-16,0,-15,0,-57,-70,-72,-25,-19,0,0,0,0,0,0,0,-50,-25,-31,0,0,247,240,256,244,444,222,207,8,8,8,24,8,12,8,8,0,0,0,0,0,0,0,0,0,8,0,8,0,0,0,0,0,0,0,0,-8,-8,-16]} 1. d4 d5 2. c4 c6 3. cxd5 cxd5 4. Bg5 f6 5. Bd2 Nc6 {LiveBook: 11 Games} 6. e3 $146 {D10: Slav Defence: 3 cxd5 (without early Nf3) and 3 Nc3} ({Predecessor:} 6. Nc3 e5 7. e4 Nxd4 8. Nxd5 Ne7 9. Bc4 Nxd5 10. Bxd5 Be6 11. Bxe6 Nxe6 {½-½ (49) Moiseenko,A (2667)-Ivanchuk,V (2726) Riadh 2017}) 6... e5 7. Nc3 Be6 8. Bb5 Bd6 9. Bxc6+ (9. e4 {seems wilder.} Nge7 10. exd5 Nxd5 11. Nf3 O-O 12. Bc4) 9... bxc6 10. Na4 Ne7 11. Rc1 Rb8 12. Ne2 O-O 13. h3 Qe8 14. O-O e4 15. f4 exf3 16. Rxf3 Bf5 17. b3 Ba3 18. Rc3 Bb4 19. Rc1 Ba3 20. Rc3 Be4 21. Rf2 Bb4 22. Rc1 Ba3 23. Rc3 Nf5 24. Qf1 (24. Nc5 $15) 24... Nd6 $36 {[%mdl 2048] Black is really pushing.} 25. Ng3 Bg6 26. Qa6 Bb4 (26... Rc8 $142 27. e4 Nxe4) 27. Qxc6 Bxc3 28. Qxc3 Qf7 29. Nc5 h5 {[%cal Bh7h5,Bh5h4][%mdl 32]} 30. Rf4 Bh7 31. Qa5 g5 32. Rf1 h4 33. Ne2 Ne4 34. Bb4 Nxc5 35. dxc5 Qe7 {[#] Hoping for ...Bd3.} 36. Rf2 Rf7 37. Bc3 (37. Bd2 $11) 37... Qxe3 $15 38. Bd4 Qe6 39. Qd2 a6 40. b4 Be4 41. a4 Kh7 42. Bb2 Qc6 43. Qd4 (43. Nd4 $5 {[%cal Rd4c6]} Qc8 44. c6 $11) 43... Rg8 44. Nc3 g4 {Strongly threatening ...gxh3.} 45. Rf4 f5 $2 (45... gxh3 $1 $11 {and Black stays safe.} 46. Rxh4+ {[%mdl 64] Double Attack} Kg7) 46. hxg4 $18 Qg6 {[#]} 47. Qf2 $1 ({Much less strong is} 47. Nxd5 $6 Qg5 $16) 47... Rgf8 $2 (47... h3 48. Nxe4 (48. gxh3 Rgf8 $18) 48... dxe4) 48. Qxh4+ (48. Nxe4 $142 fxe4 49. Rxf7+ Rxf7 50. Qxh4+ Qh6 51. Qg3) 48... Qh6 49. gxf5 $2 (49. Qxh6+ $18 Kxh6 50. b5) 49... Rxf5 $11 50. Qxh6+ Kxh6 51. Rxf5 Bxf5 {The position is equal.} 52. Nxd5 $18 {[%mdl 4096] Endgame KRB-KBN} Bd7 53. Nc7 Bxa4 54. Nxa6 Bc6 55. Be5 Re8 56. Bf4+ Kh5 57. Nb8 Kg4 58. Bd6 Bd5 59. Kf2 Bc4 60. Nd7 Re2+ 61. Kg1 Bb5 62. Ne5+ Kf5 63. Nf3 {Black must now prevent Nd4+.} Re4 64. c6 {Accuracy: White = 47%, Black = 55%.} 1/2-1/2

[Event "10th LCC FIDE Open 2018"]
[Site "London"]
[Date "2018.12.15"]
[Round "7"]
[White "Flear, Glenn C"]
[Black "Wu, Li"]
[Result "1-0"]
[WhiteElo "2451"]
[BlackElo "2317"]
[Annotator "TA"]
[PlyCount "75"]
[EventDate "2018.12.09"]
[EventType "swiss"]
[EventCountry "ENG"]
[SourceTitle "playchess.com"]
[Source "ChessBase"]
[SourceQuality "1"]

{[%evp 28,75,92,87,123,128,216,223,210,212,255,264,263,251,262,255,281,258,262,280,330,312,343,333,327,247,222,164,173,203,180,132,205,195,250,0,0,-146,318,318,296,291,306,302,306,300,485,477,624,616]} 1. d4 Nf6 2. c4 c5 3. d5 e5 4. Nc3 d6 5. e4 Be7 6. g3 Nbd7 7. Bg2 O-O 8. Nge2 a6 9. a4 Ne8 10. O-O g6 11. Bh6 {A56: Czech Benoni} Ng7 12. Qd2 Nf6 13. h3 Kh8 14. Kh2 Ng8 {[#]} 15. Be3 $1 {LiveBook: 4 Games} h5 $146 ({Predecessor:} 15... Bd7 16. Rab1 f5 17. b4 b6 18. a5 cxb4 19. Rxb4 bxa5 {½-½ (49) Zhukova,N (2499)-Ambarcumova,K (2302) Moscow 2010}) 16. f4 h4 (16... f5 $16 17. b3 Bf6) 17. g4 $18 {[%cal Bg3g4,Bg4g5][%mdl 32]} Nf6 18. fxe5 Nd7 19. exd6 Bxd6+ 20. Kh1 Ne5 21. b3 f6 22. g5 f5 23. Qe1 Nh5 24. Qxh4 Kg7 25. exf5 Bxf5 26. Ne4 Bxe4 27. Bxe4 Rh8 28. Bg2 Qd7 29. Bd2 {Threatens to win with Bc3.} Kg8 (29... Rae8 $16 {keeps fighting.}) 30. Kg1 Re8 {[#]} (30... Ng7 $142 31. Qe4 Nf5) 31. Bc3 $2 ({Only move:} 31. Qe4 $1 $18) 31... Ng7 $1 $11 32. Qe4 (32. Qf4 $11 Rxh3 33. Bxh3 Qxh3 34. Ng3) 32... Ng4 $2 {[%mdl 8192]} (32... Rxh3 $17 {aiming for ...Nd3.} 33. Bxh3 Qxh3) 33. Qxg4 $18 Qxg4 34. hxg4 Rxe2 35. Rf2 Re3 36. Rf3 Re2 $2 (36... Rxf3 {might work better.} 37. Bxf3 Rh2) 37. Re1 Rc2 38. Be5 {Precision: White = 80%, Black = 38%.} 1-0

[Event "10th LCC FIDE Open 2018"]
[Site "London"]
[Date "2018.12.15"]
[Round "7"]
[White "Elsness, Frode"]
[Black "Ghukasyan, Siranush"]
[Result "1-0"]
[WhiteElo "2447"]
[BlackElo "2245"]
[Annotator "TA"]
[PlyCount "51"]
[EventDate "2018.12.09"]
[EventType "swiss"]
[EventCountry "ENG"]
[SourceTitle "playchess.com"]
[Source "ChessBase"]
[SourceQuality "1"]

{[%evp 14,51,20,14,22,-5,23,18,36,36,36,46,49,62,117,104,124,100,171,179,292,271,351,358,362,332,363,358,516,272,271,251,253,255,247,251,575,522,651,644]} 1. c4 c6 2. Nf3 d5 3. g3 Bg4 4. Bg2 e6 5. O-O Bd6 6. cxd5 exd5 7. d3 {A11: English Opening: 1...c6} Ne7 8. e4 {LiveBook: 5 Games} (8. Nc3 O-O 9. h3 Bh5 10. e4 Na6 11. exd5 cxd5 12. Re1 Nc6 13. d4 Nc7 14. a3 {½-½ (78) Carlsen,M (2850)-Adams,M (2744) London 2015}) 8... O-O 9. Qc2 $146 {The position is equal.} ({Predecessor:} 9. Nc3 d4 10. Ne2 c5 11. h3 Bc8 12. Nd2 Nbc6 13. f4 f6 14. g4 Kh8 {1-0 (28) Azaladze,S (2499)-Liou,Y (2387) Novi Sad 2014}) 9... f6 10. Nc3 Be6 11. Nd4 Bf7 $1 12. Bh3 Re8 13. Ne6 $36 {[%mdl 2048] White fights for an advantage.} Qa5 ({Black should try} 13... Bxe6 $14 14. Bxe6+ Kh8) 14. Bd2 $1 $16 {Threatens to win with Nxd5.} Qa6 15. b4 {[%cal Bb2b4,Bb4b5][%mdl 32]} Ng6 (15... b6 $16) 16. exd5 $18 Ne5 {[#]} (16... cxd5 $142 17. b5 Qb6) 17. Ne4 $1 {[%cal Re4d6]} cxd5 {[#]} 18. b5 $1 {[%cal Rb5a6][%mdl 512]} Qb6 (18... Qxb5 19. Nxd6) 19. Nxd6 Qxd6 20. Nc7 {[%mdl 64] Double Attack} Nf3+ (20... Nbd7 $142) 21. Kh1 Nd7 {intending ...Rec8.} 22. Nxa8 Rxa8 23. Bf4 Nde5 24. Bg2 Bh5 $2 (24... Qd7 25. Rac1 Re8) 25. Qd1 Qf8 26. d4 {Accuracy: White = 67%, Black = 31%.} 1-0